000 01151nam a2200265 i 4500
001 16755
003 ES-MaACL
005 20250806062524.0
007 t|
008 001102s1988 sp |||| | spa d
020 _a84-7812-009-2
080 _a314(464.1)"17"
080 _a338.1(464.1)"17"
100 1 _aJiménez de Gregorio, Fernando,
_d1911-2012
_966505
245 1 3 _aLa provincia de Madrid y sus pueblos actuales en tiempos de Carlos III (1782-1787)
_b: (población, sanidad, economía y enseñanza) /
_cpor Fernando Jiménez de Gregorio.
260 _aMadrid :
_bAyuntamiento, Área de Cultura, Educación, Juventud y Deportes :
_bInstituto de Estudios Madrileños,
_c1988.
300 _a44 p. ;
_c21 cm.
490 1 _aCiclo de conferencias: El Madrid de Carlos III ;
_v6
651 4 _aMadrid (Comunidad Autónoma)-
_xPoblación-
_yS.XVIII.
_99001
651 _aMadrid (Comunidad Autónoma)-
_xSituación económica-
_vHistoria.
_9167712
710 2 _aInstituto de Estudios Madrileños
_94916
830 0 0 _aCiclo de conferencias: El Madrid de Carlos III
_v6
_9180033
852 _aES-MaACL
_j2154-F-33
999 _c16755
_d16755